[Event "Medellin de La Raza U2000 op"]
[Site "Medellin"]
[Date "2023.10.15"]
[Round "6"]
[White "Diaz Larrea, Juan Manuel"]
[Black "Martinez Serna, Miguel Angel"]
[Result "1/2-1/2"]
[WhiteElo "1905"]
[BlackElo "1645"]
[PlyCount "82"]
[EventDate "2023.10.12"]
[EventType "swiss"]
[EventRounds "9"]
[EventCountry "COL"]
[SourceTitle "Mega2024 Update 01"]
[Source "Chessbase"]
[SourceDate "2023.11.12"]
[SourceVersion "1"]
[SourceVersionDate "2023.11.12"]
[SourceQuality "1"]

1. e4 c5 2. Nf3 d6 3. Bb5+ Bd7 4. Bxd7+ Nxd7 5. 0-0 g6 6. c3 Ngf6 7. Qe2 Qc7 8. d4 e6 9. Bf4 Bg7 10. Nbd2 0-0 11. Nc4 Ne8 12. Rfd1 e5 13. dxe5 dxe5 14. Bg3 f6 15. Ne3 Nb6 16. a4 a5 17. Nd2 Rf7 18. Ndc4 Nxc4 19. Qxc4 Nd6 20. Qd5 Bf8 21. Nc4 Nxc4 22. Qxc4 Rd8 23. Rd5 Kg7 24. Rad1 Rfd7 25. f3 b6 26. Bf2 Rd6 27. Kf1 R8d7 28. Ke2 Qd8 29. Be3 Be7 30. Qb3 Bf8 31. R1d2 Be7 32. Qd1 Kf8 33. Rxd6 Rxd6 34. Rxd6 Bxd6 35. Bh6+ Ke7 36. Qd5 Bc7 37. Qxd8+ Bxd8 38. Be3 c4 39. Kd2 Kd7 40. Kc2 Kc6 41. b3 b5 1/2-1/2

[Event "Medellin Flores op 30th"]
[Site "Medellin"]
[Date "2023.08.05"]
[Round "5"]
[White "Melo Ramirez, Marlon Roman"]
[Black "Martinez Serna, Miguel Angel"]
[Result "1/2-1/2"]
[WhiteElo "1839"]
[BlackElo "1514"]
[PlyCount "40"]
[EventDate "2023.08.03"]
[EventType "swiss"]
[EventRounds "9"]
[EventCountry "COL"]
[SourceTitle "EXT 2024"]
[Source "ChessBase"]
[SourceDate "2023.10.10"]
[SourceVersion "1"]
[SourceVersionDate "2023.10.10"]
[SourceQuality "1"]

1. c4 e5 2. Nc3 Nf6 3. g3 d5 4. cxd5 Nxd5 5. Bg2 Be6 6. Nf3 Nc6 7. 0-0 Be7 8. d3 0-0 9. Bd2 f6 10. a3 Qd7 11. Qc2 Nb6 12. Rac1 Na5 13. Be3 Nb3 14. Rb1 c5 15. Ne4 Rac8 16. Rfd1 Nd4 17. Bxd4 cxd4 18. Qd2 Rc7 19. Rdc1 Rfc8 20. h4 Bb3 1/2-1/2

[Event "Medellin Antioquia 2nd League"]
[Site "Medellin"]
[Date "2021.??.??"]
[Round "4"]
[White "Martinez Serna, Miguel Angel"]
[Black "Ortiz Monsalve, Sebastian"]
[Result "1-0"]
[WhiteElo "1190"]
[BlackElo "1493"]
[PlyCount "101"]
[EventDate "2021.08.31"]
[EventType "swiss"]
[EventRounds "7"]
[EventCountry "COL"]
[SourceTitle "CBM 204 Extra"]
[Source "ChessBase"]
[SourceDate "2021.11.30"]
[SourceVersion "1"]
[SourceVersionDate "2021.11.30"]
[SourceQuality "1"]

1. c4 e5 2. g3 Nf6 3. Bg2 d5 4. cxd5 Nxd5 5. d3 Nc6 6. Nf3 Be7 7. 0-0 Be6 8. Nc3 Nb6 9. Be3 f5 10. d4 e4 11. Ne5 Nxe5 12. dxe5 Qxd1 13. Raxd1 Nc4 14. Nd5 Bxd5 15. Rxd5 c6 16. Rdd1 Nxe3 17. fxe3 Rf8 18. Bh3 g6 19. g4 Bc5 20. gxf5 Bxe3+ 21. Kh1 Rd8 22. Rxd8+ Kxd8 23. Rd1+ Ke8 24. f6 c5 25. Bd7+ Kf7 26. Rf1 Re8 27. Bxe8+ Kxe8 28. f7+ Kf8 29. h4 Bd4 30. e6 Bg7 31. Rd1 Ke7 32. Rd7+ Kxe6 33. Rxb7 Bf8 34. Rxa7 Be7 35. f8Q Bxf8 36. Rxh7 Kd5 37. h5 gxh5 38. Rxh5+ Kd4 39. Rh3 Bg7 40. Kg2 Kc4 41. Rb3 Bd4 42. e3 Be5 43. Kf2 Bd6 44. Ke2 Be5 45. Kd2 Bf6 46. Kc2 Bd8 47. a4 Ba5 48. Rb5 Be1 49. b3+ Kd5 50. Kd1 Bb4 51. Rxb4 1-0

[Event "Medellin Antioquia 2nd League"]
[Site "Medellin"]
[Date "2021.??.??"]
[Round "1"]
[White "Ramos, Jorge Andres"]
[Black "Martinez Serna, Miguel Angel"]
[Result "1-0"]
[WhiteElo "1756"]
[BlackElo "1190"]
[PlyCount "75"]
[EventDate "2021.08.31"]
[EventType "swiss"]
[EventRounds "7"]
[EventCountry "COL"]
[SourceTitle "CBM 204 Extra"]
[Source "ChessBase"]
[SourceDate "2021.11.30"]
[SourceVersion "1"]
[SourceVersionDate "2021.11.30"]
[SourceQuality "1"]

1. e4 c5 2. Nf3 d6 3. d4 cxd4 4. Nxd4 Nf6 5. Nc3 g6 6. f3 Bg7 7. Be3 0-0 8. Qd2 Nc6 9. 0-0-0 Nxd4 10. Bxd4 Be6 11. g4 Qa5 12. Kb1 Rfc8 13. a3 a6 14. h4 b5 15. h5 b4 16. Na2 Bxa2+ 17. Kxa2 Rab8 18. hxg6 hxg6 19. g5 Nd7 20. Bxg7 Kxg7 21. Kb1 Qb6 22. axb4 Qxb4 23. Qxb4 Rxb4 24. Bxa6 Rcb8 25. b3 Nc5 26. Bd3 Nxd3 27. Rxd3 R8b5 28. Rg1 Rc4 29. Kb2 Rcb4 30. Kc3 Rb8 31. Rd4 R4b6 32. f4 R8b7 33. Rh1 Ra6 34. Rd2 Rc6+ 35. Kb2 Rb4 36. Rdh2 e6 37. Rh8 f5 38. R1h7# 1-0